El colaborador con la justicia aspectos sustantivos, procesales y penitenciarios derivados de la conducta del "arrepentido" /

Bibliographic Details
Main Author: Benitez Ortuzar, Ignacio Francisco
Format: Unknown
Language:Spanish
Published: Madrid : Dykinson, 2004
Subjects:
Online Access:Acceso restringido

MARC

LEADER 00000ny a22000003n 4500
005 20110627130210.0
006 m u
007 cr cn|||||||||
008 200508r2004 sp |||||s|||||||||||spa d
020 |a 9788497723978 
035 |a 586 
040 |a FlNmELB  |c FlNmELB  |d vLex 
050 1 4 |a K5101  |b B467 2004eb 
080 |a 343.2/.7 
090 |c 1127  |d 1127 
100 1 |a Benitez Ortuzar, Ignacio Francisco 
245 1 3 |a El colaborador con la justicia  |h [Recurso electrn̤ico]  |b aspectos sustantivos, procesales y penitenciarios derivados de la conducta del "arrepentido" /  |c Ignacio Francisco Benitez Ortuzar 
256 |a Servicio en ln̕ea 
260 |a Madrid :  |b Dykinson,  |c 2004 
300 |a [3]-238 p 
506 1 |a Contenido solo disponible en los productos indicados  |d vLex Global  |d vLex Global (Academic Edition, excluding Law Schools)  |d vLex Global (U.S. Academic Edition, Law Schools)  |d vLex Global (U.S. Academic Edition, excluding Law Schools)  |d vLex Global (Academic Edition, Law Schools) 
650 0 7 |2 Tesauro vLex  |a Procesal 
650 0 7 |2 Tesauro vLex  |a Organizacin̤ judicial 
650 0 7 |2 Tesauro vLex  |a Colaboradores judiciales 
740 0 |a vLex Libros (Servicios en ln̕ea) 
856 4 0 |z Acceso restringido  |u http://vlex.com/source/586 
942 |c BOOK